| 000 | 00693cab a2200229 4500 | ||
|---|---|---|---|
| 001 | WB3511-23 | ||
| 008 | 090401t1999 xxu||||| |||| 00| 0 eng d | ||
| 035 | _a(Sirsi) u92125 | ||
| 041 | _aeng | ||
| 245 | _aWhere the Crown`s rule is absolute | ||
| 260 | _c1999 | ||
| 350 | _a0 | ||
| 490 |
_aDaily Telegraph _v13 March 1999, Weekend 21(2) |
||
| 520 | _aThe Crown Estate owns a great deal of residential property in London. This article considers the conditions of leasing homes from the Estate. | ||
| 650 | _aCROWN ESTATE | ||
| 650 | _aLONDON | ||
| 650 | _aPOLICY | ||
| 650 |
_aRESIDENTIAL PROPERTY _96266 |
||
| 690 |
_aBlock management _96220 |
||
| 942 | _n0 | ||
| 948 | _c16/03/1999 | ||
| 999 |
_c58407 _d58407 |
||